Constitution Thief - Statistics

General Stats
  • This quiz has been taken 19 times
  • The average score is 36 of 49
Answers on the Map
Answers color-coded by a green-red scale on the quiz's map according to % correct below.
 
Answer Stats
State % Correct
New York
88%
Arizona
82%
California
82%
Florida
82%
Idaho
82%
Maine
82%
Texas
82%
Alabama
76%
Alaska
76%
Arkansas
76%
Georgia
76%
Illinois
76%
Kentucky
76%
Louisiana
76%
Michigan
76%
Montana
76%
Nevada
76%
New Hampshire
76%
New Mexico
76%
North Dakota
76%
Vermont
76%
Virginia
76%
Washington
76%
Wisconsin
76%
Wyoming
76%
Colorado
71%
Delaware
71%
Hawaii
71%
Iowa
71%
Kansas
71%
Maryland
71%
Minnesota
71%
Mississippi
71%
Nebraska
71%
North Carolina
71%
Oklahoma
71%
Pennsylvania
71%
South Carolina
71%
South Dakota
71%
Tennessee
71%
Utah
71%
West Virginia
71%
Connecticut
65%
Indiana
65%
Missouri
65%
New Jersey
65%
Ohio
65%
Oregon
65%
Rhode Island
59%
No matching quizzes found
Score Distribution
Percent of People with Each Score
Percentile by Number Answered
Your Score History
You have not taken this quiz